000 00901nam a2200217Ii 4500
003 JO-AjNU
008 230605s9999||||xx |||||||||||||| ||und||
017 _a2001/9/1930
040 _aJO-AjNU
_bara
_erda
_cJO-AjNU
041 _aara
050 1 4 _aDS154.52.R54.A3 2007
100 3 _aالرفاعي، عبدالمنعم,
_eauthor
_961138
245 0 0 _aالامواج: صفحات من رحلة الحياة
264 3 1 _aعمان: وزارة الثقافة، 2007
300 _a149ص
_bيحتوي على صور توضيحية / مكتبة الاسرة القراءه للجميع2007/ عمان: وزارة الثقافة
336 _atext
_btxt
_2rdacontent
337 _aunmediated
_bn
_2rdamedia
338 _avolume
_bnc
_2rdacarrier
490 0 _aسلسلة ابداعات اردنية
650 4 _aالسياسيون الاردنيون- تراجم-الاردن- تاريخ -قرن 20
_961139
999 _aA27616
_c31184
_d31184